NHL Teams With Least Followers on X (Twitter) - Statistics

General Stats
  • This quiz has been taken 43 times
    4 since last reset
  • The average score is 8 of 10
Answer Stats
Number of Followers NHL Team % Correct
576.4K Anaheim Ducks
100%
493.0K Columbus Blue Jackets
100%
357.4K Seattle Kraken
100%
67.1K Utah Mammoth
100%
549.8K Winnipeg Jets
100%
569.3K Carolina Hurricanes
75%
562.4K Ottawa Senators
75%
560.5K New York Islanders
50%
558.0K Vegas Golden Knights
50%
500.2K Florida Panthers
25%
No matching quizzes found
Score Distribution
Percent of People with Each Score
Percentile by Number Answered
Your Score History
You have not taken this quiz since the last reset